000 00828nam a2200265Ia 4500
003 OSt
005 20220926020741.0
006 a|||||r|||| 00| 0
007 ta
008 220923b |||||||| |||| 00| 0 eng d
020 _a9788181283948
_c250.75
037 _bINDXL/RTL/072/10-11, 26/09/2011, Index International
_cGeneral Book
040 _aRTL
_cRTL
_beng
041 _2eng
_aeng
082 _aB13, P3
100 _aStillwell John
_9277763
245 0 _aElements of number theory
260 _aNew York
_bSpringer
_c2003
300 _axii, 254p
_ccm.
490 _aUndergraduate Texts in Mathematics
500 _aBibliography: P 239-44
650 _aEconomics
942 _hB13, P3
_cGB
_2CC
999 _c634934
_d634934